Relational Capital and Knowledge Transfer As the Sources of Business Competitive Advantage

V práci v rámci výskumu daný predpoklad, že relačný kapitál a prenos poznatkov má významný vplyv na budovanie konkurenčnej výhody biznisu. Štúdia uskutočnená s využitím vyhľadanej literatúry a prípadovej štúdie zameranej na vzťahy medzi podnikmi a dodávateľmi.

Salvato in:
Dettagli Bibliografici
Autore principale: Żukowska, Joanna
Altri autori: Drapczyńska, Joanna
Natura: Capitolo di libro
Lingua:inglese
Soggetti:
Tags: Aggiungi Tag
Nessun Tag, puoi essere il primo ad aggiungerne!!

MARC

LEADER 00000nla a2200000 4500
001 0247045
005 20210325095207.4
041 0 |a eng 
044 |a CZ 
245 1 0 |a Relational Capital and Knowledge Transfer As the Sources of Business Competitive Advantage  |c Joanna Żukowska, Joanna Drapczyńska 
520 |a V práci v rámci výskumu daný predpoklad, že relačný kapitál a prenos poznatkov má významný vplyv na budovanie konkurenčnej výhody biznisu. Štúdia uskutočnená s využitím vyhľadanej literatúry a prípadovej štúdie zameranej na vzťahy medzi podnikmi a dodávateľmi. 
610 2 0 |a kapitál 
610 2 0 |a vedomosti 
610 2 0 |a know-how 
610 2 0 |a informácie 
610 2 0 |a školenie odborné 
610 2 0 |a transfer inovácií 
610 2 0 |a konkurencieschopnosť 
610 2 0 |a podnikanie 
100 1 |a Żukowska, Joanna 
700 1 |a Drapczyńska, Joanna